000 00539nam a22001817a 4500
999 _c41628
_d41628
003 OSt
005 20221029124541.0
008 221029b ||||| |||| 00| 0 eng d
020 _a9788177540628
022 _29788177543476
040 _coclc581.2
082 _a581.2
_bPAT/F
100 _95241
_aPathak, V N
245 _aFundamentals of plant pathology /
_cV N Pathak, N K Khatri, Manish Pathak
260 _aJodhpur:
_bAGROBIOS,
_c2016.
300 _a322 pages
942 _2ddc
_cBK
_h581.2
_iPAT/F
_k581.2
_mPAT/F